Estampas del mundo románico
保存先:
| 第一著者: | |
|---|---|
| フォーマット: | 図書 |
| 言語: | Undetermined |
| 出版事項: |
Buenos Aires, Argentina
Espasa-Calpe
1946
|
| 主題: | |
| タグ: |
タグ追加
タグなし, このレコードへの初めてのタグを付けませんか!
|
MARC
| LEADER | 00000nam a2200000Ia 4500 | ||
|---|---|---|---|
| 008 | 170316s9999 xx 000 0 und d | ||
| 090 | |a 801 V-19e | ||
| 100 | |a Vossler, Carlos | ||
| 245 | |a Estampas del mundo románico | ||
| 260 | |a Buenos Aires, Argentina | ||
| 260 | |b Espasa-Calpe | ||
| 260 | |c 1946 | ||
| 300 | |a 148 páginas | ||
| 650 | |a TEORÍA LITERARIA | ||
| 650 | |a VICTOR HUGO | ||
| 650 | |a RETORROMÁNICO | ||
| 650 | |a IDIOMA ITALIANO | ||
| 650 | |a IDIOMA-ALEMANIA | ||
| 650 | |a POESÍA ÉPICA-ARGENTINA | ||
| 650 | |a POESÍA-EDAD MEDIA | ||
| 999 | |c 20736 |d 20736 | ||
| 040 | |a cru BVZT | ||
| 942 | |c 15 D |h 801 V-19e |2 z | ||
